|
|
|
|
| LEADER |
00000ckm a2200000 a 4500 |
| 001 |
vtls001205039 |
| 003 |
SK-MaSNL |
| 005 |
20260331202754.0 |
| 007 |
kf co |
| 008 |
180703s1989 xo g 0kuslo |
| 015 |
|
|
|a SNBG1989
|
| 035 |
|
|
|a SNK000148109
|
| 040 |
|
|
|a SNK
|b slo
|c SNK
|e AACR2
|
| 041 |
0 |
|
|a slo
|
| 043 |
|
|
|a e-xo---
|
| 044 |
|
|
|a xo
|c SK
|
| 072 |
|
7 |
|a 913
|x Regionálna geografia
|2 konspekt
|
| 080 |
|
|
|a 913(437.6)
|2 2011
|
| 080 |
|
|
|a 908(437.6)
|2 2011
|
| 080 |
|
|
|a 904(084.121)
|2 2011
|
| 080 |
|
|
|a 694.1
|2 2011
|
| 080 |
|
|
|a 72.031.4
|2 2011
|
| 080 |
|
|
|a 726:27-523.42
|2 2011
|
| 080 |
|
|
|a 911.2(23.0)
|2 2011
|
| 080 |
|
|
|a 633.2.03
|2 2011
|
| 080 |
|
|
|a 630*10
|2 2011
|
| 080 |
|
|
|a 728.3
|2 2011
|
| 080 |
|
|
|a 640.42
|2 2011
|
| 080 |
|
|
|a 728.5
|2 2011
|
| 080 |
|
|
|a 391
|2 2011
|
| 100 |
1 |
|
|a Šmátrala, Milan
|c (fotograf)
|4 pht
|9 164919
|
| 245 |
1 |
0 |
|a Ždiar
|h grafika
|c foto Milan Šmátrala
|
| 246 |
3 |
1 |
|a Javorina
|
| 260 |
|
|
|a Bratislava
|b Pravda
|c 1989
|e [Bratislava]
|f TZP-B
|
| 300 |
|
|
|a 1 pohľadnica (5 čiastkových pohľadov)
|b farebná
|c 11 x 15 cm
|
| 500 |
|
|
|a Názvové údaje prevzaté z obrazovej časti pohľadnice
|
| 520 |
8 |
|
|a Zobrazenie: Päť čiastkových pohľadov, každý v bielom orámovaní, všetky spolu na striebornom podklade. V strede medzi pohľadmi je hore aj dole, vodorovne bielymi písmom názov. Nad ním aj pod ním sú dve vodorovné čiary. Pohľad na drevenice a za nimi kostol. V pozadí za nimi je rozsiahla lúka. V diaľke za ňou je hustý ihličnatý les na úpätí vysokých hôr. Pohľad na drevený kostol. Za ním sú vysoké listnaté stromy. Vpravo hore zasahuje do záberu konár listnatého stromu. Vľavo hore zasahuje do záberu konár bez lístia. Pohľad na štyri ovce na lúke v popredí. V pozadí sú rodinné domy, vpravo za nimi je ihličnatý les. V diaľke vidno vysoké hory. Pohľad na penzión s vežičkami. Vľavo v popredí sú na trávnatej ploche vysoké stromy. Vpravo je vidno cestu. Celkom vpravo je rad niekoľkých stromov. Pohľad na ženu oblečenú v miestnom ľudovom kroji. Vpravo je za ňou drevený latkový plot a za ním je lúka
|
| 650 |
0 |
7 |
|a drevené stavby
|2 SNKPH
|9 2987
|
| 650 |
0 |
7 |
|a ľudová architektúra
|2 SNKPH
|9 2956
|
| 650 |
0 |
7 |
|a kostoly
|2 SNKPH
|9 3023
|
| 650 |
0 |
7 |
|a hory
|2 SNKPH
|9 55651
|
| 650 |
0 |
7 |
|a lúky
|2 SNKPH
|9 3676
|
| 650 |
0 |
7 |
|a lesy
|2 SNKPH
|9 1437
|
| 650 |
0 |
7 |
|a rodinné domy
|2 SNKPH
|9 2984
|
| 650 |
0 |
7 |
|a penzióny
|2 SNKPH
|9 30188
|
| 650 |
0 |
7 |
|a ľudové odevy
|2 SNKPH
|9 85297
|
| 650 |
0 |
7 |
|a kultúrne pamiatky
|2 SNKPH
|9 2862
|
| 651 |
|
7 |
|a Belianske Tatry (Slovensko : pohorie)
|2 SNKPHgeo
|9 177592
|
| 651 |
|
7 |
|a Ždiar (Slovensko)
|2 SNKPHgeo
|9 54540
|
| 651 |
|
7 |
|a Tatranská Javorina (Slovensko)
|2 SNKPHgeo
|9 17537
|
| 655 |
|
7 |
|a pohľadnice kultúrnych pamiatok
|2 SNKPH
|9 70523
|
| 655 |
|
7 |
|a miestne pohľadnice
|2 SNKPH
|9 70510
|
| 655 |
|
7 |
|a geografické pohľadnice
|2 SNKPH
|9 70522
|
| 852 |
|
|
|a Slovenská národná knižnica
|
| 954 |
|
|
|a pohľadnice pôvodné (slovenské)
|2 lita
|
| 958 |
|
|
|a GBN
|
| 958 |
|
|
|a GC
|
| 958 |
|
|
|a OND
|
| 999 |
|
|
|c 775510
|d 777440
|
| 952 |
|
|
|a SNK
|b SNK
|y PREZ
|7 0
|p 17A1283802
|o snkSP 141627
|i snk741/90
|0 0
|1 0
|4 0
|d 2022-03-25
|f 1
|l 0
|r 2026-02-24 00:48:10
|w 2026-02-24
|
| 952 |
|
|
|a SNK
|b SNK
|y PREZ
|7 0
|p 17A1283801
|o snkSP 141627 D1
|i snk742/90
|0 0
|1 0
|4 0
|d 2022-03-25
|l 0
|r 2026-02-24 00:48:10
|w 2026-02-24
|